| 000 | 00518nam a2200217 a 4500 | ||
|---|---|---|---|
| 001 | 0001-2064 | ||
| 003 | ELIB.Books | ||
| 008 | 190718 2010 eng | ||
| 020 | _aKBTS | ||
| 092 |
_a261.8 _bCun |
||
| 100 | _aCunnungham, Loren. | ||
| 245 | _aWhy Not Women? | ||
| 260 |
_aAustralia _bYWAM _c2010 |
||
| 300 |
_a277 _c20 Cm |
||
| 650 | _aFaminism | ||
| 856 |
_nKBTS Library _uKBTS Elib |
||
| 942 |
_2ddc _cBK |
||
| 990 | _a5 | ||
| 998 |
_aEnglishbooks.elf _ccat _e2019-07-18 |
||
| 999 |
_c12064 _d12064 |
||